000 02997 a2200433 4500
001 46046
005 20260407155733.0
008 260407a2010 arg spa d
003 AR-UNSa-BCEJYS
040 _aAR-UNSa-BCEJYS
_bspa
_cAR-UNSa-BCEJYS
080 _a331.5(82)
_xMercado de Trabajo. Empleo en Argentina
245 1 0 _aTransformaciones del empleo en la Argentina
_pestructura, dinámica e instituciones
020 _a978-987-1599-43-1
264 1 _aBuenos Aires :
_bEdiciones CICCUS
_c2010
300 _a316 p.
_c23 cm.
505 _aParte I: El mercado de trabajo argentino: principios agregados y especificidades sectoriales: 1. Transformaciones del mercado de trabajo en la Argentina: 1974-2009 / Julio César Neffa, María Laura Oliveri y Juliana Persia – 2. Aspectos teóricos relevantes para el análisis empírico de la informalidad Argentina / Patricio Narodowski, Demian T. Panigo y Nicolás Dvoskin – 3. ¿Por qué difieren las tasas de desempleo de jóvenes y adultos? Un análisis de transiciones laborales en la Argentina post Convertibilidad / Pablo E. Pérez -4. Ruralidad y mercados de trabajo. Perfil, inserción y remuneraciones de los asalariados en tres provincias de la Argentina / Mariela Blanco, Guillermo Neiman, Germán Quaranta – 5. “Empleo industrial en la post convertibilidad. Una aproximación del período 2003-2008 bajo una mirada de largo plazo” / Paula Español y Germán Herrerra – Parte II: Derechos laborales y políticas de empleo durante la postconvertibilidad: 6. Principales Reformas Normativas en el ámbito laboral. Período 2002/2009 / Eugenio Biaffore, y Ana Berasueta – 7. Políticas de empleo: un análisis en el año del bicentenario / Enrique Deibe, Secretario de Empleo del MTEySS – Parte III: LA macroeconomía del empleo en el corto y largo plazo: 8. El crecimiento del empleo en la Argentina desde la teoría de la regulación. Los cambios generados por la apertura internacional / Julio César Neffa y Emiliano López – 9. El ciclo del empleo y la reproducción del capital en la Argentina de la convertibilidad y la post-convertibilidad / Demian Tupac Panigo, Pablo Ignacio Chena y Ana Inés Garriz -
942 _cBK
590 _aniveau_biblio:m niveau_hierar:0
100 1 _aBerasueta, Ana Cecilia
700 1 _aPanigo, Demián Tupac
700 1 _aNeffa, Julio César
700 1 _aBiafore, Eugenio
700 1 _aPérez, Pablo Ernesto
700 1 _aBlanco, Mariela
700 1 _aChena, Pablo
700 1 _aDeibe, Enrique
700 1 _aDvoskin, Nicolás
700 1 _aEspañol, Paula
700 1 _aGárriz, Ana
700 1 _aHerrera, Germán
700 1 _aLópez, Emiliano
700 1 _aNarodowski, Patricio
700 1 _aNeiman, Guillermo
700 1 _aOliveri, María Laura
700 1 _aPérez, Pablo
700 1 _aPersia, Juliana
700 1 _aQuaranta, Germán
856 4 1 _uhttps://www.biblioeco.unsa.edu.ar/pmb/images/libros/L127295.jpg
_yImagen de portada
_qimage/jpeg
999 _c4127
_d4127